<?xml version="1.0" encoding="UTF-8"?>
<marc:record xmlns:marc="http://www.loc.gov/MARC21/slim">
   <marc:leader>00000nam a2200000 a 4500</marc:leader>
   <marc:datafield ind1="1" ind2=" " tag="100">
      <marc:subfield code="a">Swann, Leonie</marc:subfield>
      <marc:subfield code="4">aut</marc:subfield>
      <marc:subfield code="e">Verfasser/-in</marc:subfield>
   </marc:datafield>
   <marc:datafield ind1="0" ind2="0" tag="245">
      <marc:subfield code="a">Glennkill</marc:subfield>
   </marc:datafield>
   <marc:datafield ind1="0" ind2="0" tag="245">
      <marc:subfield code="b">Ein Schafskrimi</marc:subfield>
   </marc:datafield>
   <marc:datafield ind1="0" ind2="0" tag="245">
      <marc:subfield code="c">Leonie Swann</marc:subfield>
   </marc:datafield>
   <marc:datafield ind1=" " ind2="1" tag="264">
      <marc:subfield code="a">München</marc:subfield>
      <marc:subfield code="b">Blanvalet</marc:subfield>
   </marc:datafield>
   <marc:datafield ind1="1" ind2=" " tag="520">
      <marc:subfield code="a">Das Schaf Miss Maple aus dem idyllischen irischen Dorf Glennkill versucht mit ihrem kriminalistischen Scharfsinn, den rätselhaften Mord an Schäfer George aufzuklären. L. Swann, der deutschen Newcomerin mit einer Affinität zu Irland, ist mit dem wohl 1. Schafskrimi ein guter Wurf gelungen. Erzählt wird, wie die Herde eines Morgens ihren Schäfer mit einen Spaten in der Brust vorfindet und, weil die Menschen anscheinend wenig Interesse an der Klärung des Falles haben, den Mord selbst aufklären will. Angeführt von 2 Ausnahmeschafen, der klugen Miss Maple und dem weisen Sir Ritchfield, gelingt es den wolligen Ermittlern, allen Widrigkeiten zum Trotz, Licht in das Dunkel zu bringen. Ein mörderisch tierisches Vergnügen, breit empfohlen.</marc:subfield>
   </marc:datafield>
   <marc:datafield ind1=" " ind2=" " tag="020">
      <marc:subfield code="a">3442301297</marc:subfield>
      <marc:subfield code="9">3442301297</marc:subfield>
   </marc:datafield>
</marc:record>
